| 000 | 00400nam a2200133Ia 4500 | ||
|---|---|---|---|
| 008 | 170419s9999 xx 000 0 und d | ||
| 100 | _aWood, Felecia G. | ||
| 245 | _aWhere are the faculty? Fulfilling the traditional faculty role at a distance | ||
| 245 | _cFelecia G. Wood | ||
| 260 | _bElsevier | ||
| 260 | _c2016 | ||
| 300 | _aJuly/August 2016 | ||
| 440 |
_aJournal of Profesional Nursing _v32:4 |
||
| 999 |
_c329527 _d329527 |
||